Once upon a time in...Hollywood Trivia - Statistics

General Stats
  • This quiz has been taken 148 times
  • The average score is 7 of 15
Answer Stats
Question Answer % Correct
Who is the two main characters? Rick Dalton and Cliff Booth
88%
What year does the movie take place in? 1969
86%
What famous fighter does Mike Moh play? Bruce Lee
83%
How many times does Quentin make an appearance? 0
80%
What does Sharon Tate do after she gets her book? She watches her own movie
70%
What does Rick do to the last Manson cultist? Torches her with a flamethrower
61%
Who does Cliff see when fixing Rick’s Tv antenna? Charles Manson
55%
What ranch does Cliff go to with pussycat? Spahn Ranch
55%
Who did Rick lose the role to in “The Great Escape” Steve McQueen
37%
What is Cliff’s Dog's name? Brandy
36%
What does Cliff buy off a hippie girl? Acid dipped cigarette
29%
Who does Rick meet in the beginning of the movie? Marvin Schwarz
26%
What is the title of the first song in the movie? Treat her right
17%
What is the second line Rick forgets while filming Lancer? “Maybe he already has”
13%
What is Rick’s character’s name in Lancer? Caleb Dakota
12%
No matching quizzes found
Score Distribution
Percent of People with Each Score
Percentile by Number Answered
Your Score History
You have not taken this quiz